[Event "Cholet-B"]
[Site "Cholet"]
[Date "2012.02.24"]
[Round "9"]
[White "Daniel, Jean Claude"]
[Black "Grandi, Paul"]
[Result "1-0"]
[WhiteElo "1881"]
[BlackElo "1818"]
[PlyCount "97"]
[EventDate "2012.02.18"]
[EventType "tourn"]
[EventRounds "9"]
[EventCountry "FRA"]
[SourceTitle "EXT 2013"]
[Source "ChessBase"]
[SourceDate "2012.11.22"]
[SourceVersion "1"]
[SourceVersionDate "2012.11.22"]
[SourceQuality "1"]

1. d4 Nf6 2. Nf3 b6 3. e3 e6 4. Bd3 Bb7 5. Nbd2 d6 6. 0-0 Nbd7 7. e4 e5 8. c3 Be7 9. Qe2 0-0 10. Rd1 Re8 11. dxe5 dxe5 12. Nf1 Bd6 13. Ng3 g6 14. Bc4 Re7 15. Bg5 Qf8 16. Nh4 h6 17. Bxf6 Nxf6 18. Nxg6 Qg7 19. Nxe7+ Bxe7 20. Nf5 Qf8 21. Nxe7+ Qxe7 22. Bd5 c6 23. Bb3 Kh7 24. Qd3 Rg8 25. Qd6 Qxd6 26. Rxd6 Nxe4 27. Rd7 Nc5 28. Rxf7+ Kg6 29. Rxb7 Nxb3 30. axb3 Rd8 31. f3 Rd2 32. Ra2 Kg5 33. Rbxa7 Kf4 34. Ra1 Rxb2 35. Re1 Rxb3 36. Re4+ Kf5 37. Rc4 c5 38. Kf2 h5 39. g4+ hxg4 40. fxg4+ Ke6 41. g5 Kf5 42. h4 Rb2+ 43. Ke3 Rh2 44. Rf7+ Ke6 45. g6 Rh3+ 46. Kf2 Kd5 47. g7 Kxc4 48. g8Q Rxh4 49. Rf4+ 1-0

[Event "Cholet-B"]
[Site "Cholet"]
[Date "2012.02.21"]
[Round "5"]
[White "Le Pen, Steven"]
[Black "Grandi, Paul"]
[Result "1-0"]
[WhiteElo "1831"]
[BlackElo "1818"]
[PlyCount "89"]
[EventDate "2012.02.18"]
[EventType "tourn"]
[EventRounds "9"]
[EventCountry "FRA"]
[SourceTitle "EXT 2013"]
[Source "ChessBase"]
[SourceDate "2012.11.22"]
[SourceVersion "1"]
[SourceVersionDate "2012.11.22"]
[SourceQuality "1"]

1. e4 c5 2. Nf3 Nc6 3. d4 cxd4 4. Nxd4 Nf6 5. Nc3 d6 6. Bc4 Bd7 7. Bb3 g6 8. f3 Bg7 9. Be3 0-0 10. Qd2 Qa5 11. 0-0-0 Rac8 12. g4 Ne5 13. Kb1 Nc4 14. Bxc4 Rxc4 15. Nb3 Qa6 16. h4 Rxc3 17. Qxc3 Nxe4 18. Qd3 Qxd3 19. Rxd3 Nf6 20. h5 gxh5 21. g5 Ne8 22. Rxh5 Bf5 23. Rd2 Nc7 24. f4 Na6 25. Rhh2 Nb4 26. Nd4 Bg6 27. f5 Bxd4 28. Rxd4 Nc6 29. fxg6 Nxd4 30. gxh7+ Kg7 31. Bxd4+ e5 32. Bxa7 Kh8 33. Be3 Rc8 34. c3 b5 35. Kc2 d5 36. Kd3 Ra8 37. b3 Rc8 38. Rh6 Ra8 39. Rd6 Kxh7 40. Rxd5 e4+ 41. Kxe4 Kg6 42. Rxb5 Rxa2 43. Rb6+ Kh5 44. Kf5 Rf2+ 45. Bxf2 1-0

[Event "Angers op 5th"]
[Site "Angers"]
[Date "2010.04.24"]
[Round "4"]
[White "Grandi, Paul"]
[Black "Delorme, Alban"]
[Result "0-1"]
[WhiteElo "1850"]
[BlackElo "2281"]
[PlyCount "41"]
[EventDate "2010.04.23"]
[EventType "swiss"]
[EventRounds "6"]
[EventCountry "FRA"]
[SourceTitle "EXT 2011"]
[Source "ChessBase"]
[SourceDate "2010.11.26"]
[SourceVersion "1"]
[SourceVersionDate "2010.11.26"]
[SourceQuality "1"]

1. e4 c5 2. Nf3 Nc6 3. d4 cxd4 4. Nxd4 Nf6 5. Nc3 d6 6. Be2 Nxd4 7. Qxd4 g6 8. Bg5 Bg7 9. Qd2 0-0 10. Bh6 Bxh6 11. Qxh6 Qb6 12. 0-0-0 Qxf2 13. Rdf1 Qxg2 14. h4 Be6 15. Bf3 Qg3 16. Rhg1 Qe5 17. Rg5 Qf4+ 18. Kb1 Ng4 19. Rxg6+ fxg6 20. Qxf4 Rxf4 21. Ne2 0-1

[Event "Angers op 4th"]
[Site "Angers"]
[Date "2009.04.17"]
[Round "2"]
[White "Rabouan, Jean Francois"]
[Black "Grandi, Paul"]
[Result "0-1"]
[WhiteElo "1967"]
[BlackElo "1862"]
[PlyCount "88"]
[EventDate "2009.04.17"]
[EventType "swiss"]
[EventRounds "6"]
[EventCountry "FRA"]
[SourceTitle "CBM 129 Extra"]
[Source "ChessBase"]
[SourceDate "2009.05.05"]
[SourceVersion "2"]
[SourceVersionDate "2009.05.20"]
[SourceQuality "1"]

1. d4 Nf6 2. c4 e6 3. Nc3 b6 4. Bg5 Bb4 5. a3 Bxc3+ 6. bxc3 h6 7. Bh4 d5 8. Nf3 g5 9. Bg3 Ne4 10. Qc2 Bb7 11. e3 Nd7 12. Bd3 Nxg3 13. hxg3 dxc4 14. Be4 c6 15. Nd2 f5 16. Bf3 b5 17. Bh5+ Kf8 18. g4 Qf6 19. e4 f4 20. e5 Qe7 21. 0-0 c5 22. a4 cxd4 23. cxd4 a6 24. axb5 axb5 25. Rxa8+ Bxa8 26. Ra1 Nb6 27. f3 Qd7 28. Qb2 Kg7 29. Kh2 Nd5 30. Ne4 Ne7 31. Nd6 Bd5 32. Qxb5 Qxb5 33. Nxb5 Rb8 34. Nd6 Nc6 35. Ra4 c3 36. Ra3 Rb3 37. Ra1 c2 38. Rc1 Nxd4 39. Ne8+ Kf8 40. Nf6 Rb1 41. Rxc2 Nxc2 42. Bg6 Rb2 43. Nd7+ Kg7 44. Bd3 Ne3 0-1

[Event "Pays de Loire-chT"]
[Site "Cholet"]
[Date "2009.??.??"]
[Round "5"]
[White "Aumont, Eric"]
[Black "Grandi, Paul"]
[Result "1-0"]
[WhiteElo "1750"]
[BlackElo "1862"]
[PlyCount "87"]
[EventDate "2009.06.??"]
[EventType "team-tourn"]
[EventRounds "6"]
[EventCountry "FRA"]
[SourceTitle "EXT 2010"]
[Source "ChessBase"]
[SourceDate "2010.11.25"]
[SourceVersion "1"]
[SourceVersionDate "2010.11.25"]
[SourceQuality "1"]

1. f4 e6 2. Nf3 Nf6 3. b3 Be7 4. Bb2 Ne4 5. g3 Bf6 6. Qc1 c6 7. d3 Qa5+ 8. c3 Nd6 9. e4 Be7 10. Nbd2 Qh5 11. c4 f6 12. c5 Nb5 13. d4 Nc7 14. Be2 Qh3 15. Nc4 d5 16. cxd6 Bd8 17. dxc7 Bxc7 18. Ba3 Nd7 19. Nd6+ Bxd6 20. Bxd6 Kf7 21. Qe3 Re8 22. e5 Kg8 23. 0-0-0 f5 24. Ng5 Qh6 25. Nxe6 Nb6 26. Nc7 Bd7 27. Nxe8 Rxe8 28. Qd2 Be6 29. Kb2 Bd5 30. Rhg1 Qe6 31. Qc2 a5 32. Rc1 a4 33. Bc4 Nxc4+ 34. bxc4 Be4 35. Qxa4 b5 36. cxb5 cxb5 37. Qxb5 Ra8 38. a3 h6 39. Rc7 Kh7 40. Rgc1 Qg8 41. Re7 Qd8 42. Rcc7 Kg6 43. Rxg7+ Kh5 44. Qe2+ 1-0

[Event "Pays de Loire-chT"]
[Site "Cholet"]
[Date "2009.??.??"]
[Round "2"]
[White "Grandi, Paul"]
[Black "Maruejols, Paul"]
[Result "1-0"]
[WhiteElo "1862"]
[BlackElo "1710"]
[PlyCount "53"]
[EventDate "2009.06.??"]
[EventType "team-tourn"]
[EventRounds "6"]
[EventCountry "FRA"]
[SourceTitle "EXT 2010"]
[Source "ChessBase"]
[SourceDate "2010.11.25"]
[SourceVersion "1"]
[SourceVersionDate "2010.11.25"]
[SourceQuality "1"]

1. e4 c5 2. Nf3 Nc6 3. d4 cxd4 4. Nxd4 e6 5. Be2 Nf6 6. Nc3 a6 7. Be3 Bb4 8. Nxc6 bxc6 9. Qd4 Bxc3+ 10. bxc3 0-0 11. 0-0 Qc7 12. Bg5 c5 13. Qe3 Qe5 14. Bf3 c4 15. Bf4 Qa5 16. Bg5 Ne8 17. e5 Rb8 18. Be7 Rb5 19. Rfe1 f6 20. Bxf8 Rxe5 21. Bb4 Qc7 22. Qd4 d5 23. Rxe5 fxe5 24. Qc5 h6 25. Qf8+ Kh7 26. Qxe8 e4 27. Bh5 1-0

[Event "Pays de Loire-chT"]
[Site "Cholet"]
[Date "2009.??.??"]
[Round "1"]
[White "Hutois, Christophe"]
[Black "Grandi, Paul"]
[Result "0-1"]
[WhiteElo "1542"]
[BlackElo "1862"]
[PlyCount "42"]
[EventDate "2009.06.??"]
[EventType "team-tourn"]
[EventRounds "6"]
[EventCountry "FRA"]
[SourceTitle "EXT 2010"]
[Source "ChessBase"]
[SourceDate "2010.11.25"]
[SourceVersion "1"]
[SourceVersionDate "2010.11.25"]
[SourceQuality "1"]

1. e4 c5 2. Nf3 Nc6 3. Be2 d6 4. d3 g6 5. Be3 Bg7 6. c3 Nf6 7. h3 Bd7 8. Qd2 h5 9. e5 Nd5 10. exd6 exd6 11. Bg5 f6 12. Bh4 Bh6 13. Qc2 Nf4 14. Bg3 Nxg2+ 15. Kd1 Nf4 16. d4 Bf5 17. Qa4 Nxe2 18. Kxe2 Qe7+ 19. Ne5 0-0 20. Qc4+ Kg7 21. dxc5 Nxe5 0-1